000 00634nam a2200181 a 4500
001 000028315
005 20200930031531.0
008 110407s1987 dr 000 0 spa d
040 _aDO-SdBNP
_bspa
_cBNPHU
082 _axxx
_bM935a
110 1 _aMovimiento Psicoanalítico Dominicano
_955301
245 1 3 _aUn agujero en la trama de la tradición en la psicología de la República Dominicana.
260 _aSanto Domingo :
_bMovimiento Psicoanalítico Dominicano (MOPSIDOMI),
_c1987.
300 _a30 P. ;
_c22 cm.
490 1 _aEnsayos psicoanalíticos
_vno. 3
830 0 _aEnsayos psicoanalíticos
_nno. 3
_955302
049 _aBNPD
999 _c27807
_d27807